Bài giảng văn học Việt Nam hiện đại (Giai đoạn 1945 - 1954)
Bài giảng giới thiệu khái quát văn học Việt Nam từ 1945 - 1954 gồm những tác giả như Tố Hữu, Nguyễn Tuân, Huy Cận, Nguyễn Thi.
Gorde:
| Egile nagusia: | |
|---|---|
| Formatua: | Liburua |
| Hizkuntza: | Undetermined |
| Argitaratua: |
Cần Thơ
Trường Đại học Cần Thơ
2000
|
| Gaiak: | |
| Etiketak: |
Etiketa erantsi
Etiketarik gabe, Izan zaitez lehena erregistro honi etiketa jartzen!
|
| Thư viện lưu trữ: | Trung tâm Học liệu Trường Đại học Cần Thơ |
|---|
| LEADER | 00881nam a2200217Ia 4500 | ||
|---|---|---|---|
| 001 | CTU_46638 | ||
| 008 | 210402s9999 xx 000 0 und d | ||
| 082 | |a 809.89597 | ||
| 082 | |b M312 | ||
| 100 | |a Trần, Văn Minh | ||
| 245 | 0 | |a Bài giảng văn học Việt Nam hiện đại | |
| 245 | 0 | |b (Giai đoạn 1945 - 1954) | |
| 245 | 0 | |c Trần Văn Minh (Biên soạn) | |
| 260 | |a Cần Thơ | ||
| 260 | |b Trường Đại học Cần Thơ | ||
| 260 | |c 2000 | ||
| 520 | |a Bài giảng giới thiệu khái quát văn học Việt Nam từ 1945 - 1954 gồm những tác giả như Tố Hữu, Nguyễn Tuân, Huy Cận, Nguyễn Thi. | ||
| 650 | |a Vietnamese literature,Vietnamese literature | ||
| 650 | |x History and criticism | ||
| 904 | |i T.Trang (sửa) | ||
| 980 | |a Trung tâm Học liệu Trường Đại học Cần Thơ | ||